| 000 | 00443nam a2200181Ia 4500 | ||
|---|---|---|---|
| 001 | 13067 | ||
| 005 | 20260306163026.0 | ||
| 008 | 260306t2007||||xx |||||||||||||| ||spa|| | ||
| 041 | _aESP | ||
| 082 |
_aRD 720.03 _bC24 |
||
| 100 |
_aCamacho Cardona, Mario _eAUT |
||
| 245 | 0 | _aDiccionario de arquitectura y urbanismo | |
| 260 | _c2007 | ||
| 300 |
_a820 páginas : _c21 cm. |
||
| 650 | _aGEN | ||
| 654 | _aCAU | ||
| 942 |
_cDIC _dJUS _fJUS _2ddc _n |
||
| 999 |
_c13067 _d13067 |
||